000 00550nam a22001817a 4500
005 20230609151944.0
008 230609b |||||||| |||| 00| 0 eng d
020 _a9781118218297
082 _a025.04
_bSMA-M
100 _aSmallwood;Robert F.
245 _aManaging electronic records :
_bmethods, best practices, and technologies /
_cRobert F. Smallwood.
260 _aUSA
_bJohn Wiley & Sons
_c2013
300 _a442
500 _aIndex given
650 _aEngineering
_aElectronics
700 _aRobert;F.Smallwood
999 _c18708
_d18708